| 000 | 01511njm a2200397 c 4500 | ||
|---|---|---|---|
| 003 | BLK | ||
| 005 | 20250128005554.0 | ||
| 008 | 180410b bul||n||s|||||||| n|bulo| | ||
| 010 | _aCDD00000720000 | ||
| 040 | _aBLK | ||
| 041 |
_aDEU _cDEU |
||
| 080 |
_aСимфонии. За симфоничен оркестър _b785.11.082.1 _x _z785.11.082.1 |
||
| 080 |
_aКонцерт за цигулка и оркестър _b785.6:787.1 _x _z785.6:787.1 |
||
| 100 | 1 |
_aSpies, Leo _eпърви автор _9353866 |
|
| 700 | 1 |
_aШпис, Лео _e* _9144128 |
|
| 139 |
_aSpies, Leo _bS 78 |
||
| 245 | 1 | 0 |
_aOrchesterwerke in historischen Aufnahmen [CD аудио] _cLeo Spies; * Лео Шпис. |
| 257 | _aDEU | ||
| 260 |
_аBremen _bHastedt Verl. und Musikedition _c2005 |
||
| 300 |
_c12 cm. _fбр. в к-т _g1 CD |
||
| 306 | _a74мин. 49сек. | ||
| 380 | _a7 | ||
| 505 |
_rизп. Berliner Sinfonie-Orchester; диригент Leo Spies. _tSinfonie N. 2 |
||
| 505 |
_rцигулка Egon Morbitzer; изп. Rundfunksinfonieorchester Berlin; диригент Rolf Kleinert. _tViolinkonzert |
||
| 650 | 4 |
_aСимфонии _9170960 |
|
| 650 | 0 |
_aЦигулка - концерти, концертини _9291571 |
|
| 653 | _aсимфонии | ||
| 653 | _aконцерти | ||
| 653 | _aцигулка | ||
| 852 |
_aЦб CD 2133 _p2 |
||
| 856 | 4 |
_qpdf _u |
|
| 856 | 4 |
_qpdf _u |
|
| 942 |
_cCDD _n0 |
||
| 944 |
_aCR _c23.04.2009 _k _lCRON CRON |
||
| 944 |
_aED _c23.04.2009 _k |
||
| 999 |
_c217305 _d217305 |
||